| 000 | 00526nam a2200217Ia 4500 | ||
|---|---|---|---|
| 003 | 0100 | ||
| 008 | 130303s9999 xx 000 0 und d | ||
| 020 | _a0141034890 | ||
| 040 | _cARRUPELIB | ||
| 050 | _aHM846.F74 2006 | ||
| 100 | _aFriedman, Thomas L. | ||
| 245 | 4 | _aThe world is flat | |
| 245 | _bthe globalized world in the twenty-first century | ||
| 260 | _aLondon | ||
| 260 | _bPenguin Books | ||
| 260 | _C2006 | ||
| 300 | _ax | ||
| 300 | _b 660p. 20cm. | ||
| 650 | _bEducational surveys | ||
| 942 |
_2lcc _02 |
||
| 999 |
_c66716 _d66716 |
||